LEADER 01261nam a2200265 a 4500 001 000000160424 003 CaOOAMICUS 005 20170502113825.0 008 170502s1969 it m 001 u eng r 032 $aLibriCat 040 $aPUL$bita 100 1 $aLouis, John H.$0(OLS)http://pul/name/102639 245 14$aThe evolution of the juridical concept of the laity between Vatican I and Vatican II /$cauctore John H. Louis. 260 $aRoma :$bPontificia Università Gregoriana,$c1969. 300 $a66 p. ;$c24 cm. 502 $aEstratto da tesi -- Pontificia Universitas Gregoriana. Facultas iuris canonici. 1969. 504 $aBibliografia in nota. 650 4$aLaicità.$0(OLS)http://pul/subject/38693 710 2 $aPontificia Università Gregoriana.$bFacoltà di diritto canonico.$kTesi.$0(OLS)http://pul/name/81757 850 $aPUL 852 $aPUL$W1$xDP1 Tesi Pon. Univ. Gregoriana$y40$mTH PUG 2042$j184036$qTesi$B187244$CPULBib$Z2$F187244 $H31696 $82 941 1 $a16 996 $6245$aThe evolution of the juridical concept of the laity between Vatican I and Vatican II$9(OLS)http://pul/title/200071 996 $6260$aRoma :$bPontificia Università Gregoriana$9(OLS)http://pul/publisher/47853 LEADER 01434nam a2200325 a 4500 001 000000138332 003 CaOOAMICUS 005 20140512153354.0 008 140512s2013 it frm z000 u ita r 020 $a978-88-250-3602-2 040 $aPUL$bita 041 1 $aita$hger 082 04$a230.0464 100 1 $aGutiérrez, Gustavo.$0(OLS)http://pul/name/26447 240 10$aAn der Seite der Armen.$lItaliano.$0(OLS)http://pul/title/175106 245 10$aDalla parte dei poveri :$bteologia della liberazione, teologia della Chiesa /$cGustavo Gutiérrez, Gerhard Ludwig Müller. 260 $aPadova :$bMessaggero,$c©2013. 300 $a191 p. ;$c21 cm 504 $aBibliografia in nota. 650 4$aTeologia della liberazione.$0(OLS)http://pul/subject/2678 700 1 $aMüller, Gerhard Ludwig,$ccardinale,$d1947-$0(OLS)http://pul/name/32634 850 $aPUL 852 $aPUL$W1$xSL Religione 3$y85$m230. 0464 GUTGU 1$j159543$a1. rist. del 2013$qDDC 21$B159078$CPULBib$Z2$F159078 $H123936 $82 941 1 $a9 961 $aDedica autografa dell'A. 996 $6020$a978-88-250-3602-2$9(OLS)http://pul/number/155179 996 $6082$a230.0464$9(OLS)http://pul/classification/2639 996 $6245$aDalla parte dei poveri :$bteologia della liberazione, teologia della Chiesa$9(OLS)http://pul/title/175107 996 $6260$aPadova :$bMessaggero$9(OLS)http://pul/publisher/47870